000 00354nam a22001577a 4500
020 _a9789382432982
082 _aH3
_bSHY/A
100 _aShyam Sakha
245 _aApwad/
_cby Shyam Sakha
260 _aKanpur:
_bAman Prakshan,
_c2013.
300 _a88p.
650 _aNovel Hindi
650 _aLiterature Hindi
650 _aLiterature
942 _cBK
999 _c72030
_d72030